000 00680nam a2200217 a 4500
001 3386
005 20140414132037.0
008 040601s19uu xx 00 eng d
020 _a0-374-38236-0
050 _aTR
_bW21 1996
100 _aTurner, Priscilla
245 _aWar between the vowels and the consonants (The) /
_cby Priscilla Turner; pictures by Whitney Turner.
260 _aNew York :
_bFarrar Strauss Giroux,
_c1996.
300 _a1 v. (unp.) : ill. ; cm.
500 _aTR/PS
650 _aWar--Fiction.
650 _aEnglish language--Vowels--Fiction.
650 _aEnglish language--Consonants--Fiction.
650 _aAlphabet--Fiction.
999 _c113760
_d113760